El poema de Honduras : (Record no. 41955)
[ view plain ]
| 000 -LEADER | |
|---|---|
| fixed length control field | 00893cpcaa2200265 a 4500 |
| 001 - CONTROL NUMBER | |
| control field | mm 79005612 |
| 003 - CONTROL NUMBER IDENTIFIER | |
| control field | DLC |
| 005 - DATE AND TIME OF LATEST TRANSACTION | |
| control field | 20260227111651.0 |
| 008 - FIXED-LENGTH DATA ELEMENTS--GENERAL INFORMATION | |
| fixed length control field | 790621|||||||||||| spa |
| 010 ## - LIBRARY OF CONGRESS CONTROL NUMBER | |
| LC control number | mm 79005612 |
| 040 ## - CATALOGING SOURCE | |
| Original cataloging agency | DLC |
| Transcribing agency | DLC |
| Modifying agency | DLC |
| Description conventions | dacs |
| 072 #7 - SUBJECT CATEGORY CODE | |
| Subject category code | L |
| Source | lcmd |
| 100 1# - MAIN ENTRY--PERSONAL NAME | |
| Personal name | Valle, Rafael Heliodoro, |
| Dates associated with a name | 1891-1959. |
| 245 03 - TITLE STATEMENT | |
| Title | El poema de Honduras : |
| Form | manuscript poem, |
| Inclusive dates | 1954. |
| 300 ## - PHYSICAL DESCRIPTION | |
| Extent | 1 |
| Type of unit | item. |
| 506 0# - RESTRICTIONS ON ACCESS NOTE | |
| Terms governing access | Open to research. |
| 520 8# - SUMMARY, ETC. | |
| Summary, etc. | Holograph of Valle's poem. |
| 545 0# - BIOGRAPHICAL OR HISTORICAL DATA | |
| Biographical or historical data | Honduran poet. |
| 546 ## - LANGUAGE NOTE | |
| Language note | Collection material in Spanish. |
| 580 ## - LINKING ENTRY COMPLEXITY NOTE | |
| Linking entry complexity note | Forms part of: Miscellaneous Manuscripts collection. |
| 650 #0 - SUBJECT ADDED ENTRY--TOPICAL TERM | |
| Topical term or geographic name entry element | Honduran poetry |
| Chronological subdivision | 20th century. |
| 656 #7 - INDEX TERM--OCCUPATION | |
| Occupation | Poets. |
| Source of term | itoamc |
No items available.